Návrh na zavedenie formálneho hodnotenia výrobných zamestnancov vo väzbe na ich výkonnosť v podniku Motory International, s.r.o.

Enregistré dans:
Détails bibliographiques
Auteur principal: Spevák, Peter (Auteur)
Autres auteurs: Bestvinová, Viera (Directeur de thèse)
Format: Manuscrit Livre
Langue:slovaque
Publié: 2017
Sujets:
Accès en ligne:http://is.stuba.sk/zp/portal_zp.pl?podrobnosti=126256
Tags: Ajouter un tag
Pas de tags, Soyez le premier à ajouter un tag!

MARC

LEADER 00000ntm a22000003a 4500
001 stuzp62414
003 SK-STU
005 20170603210352.9
007 ta
008 150427s2015----xo-----f-mn---000-0-slo-d
040 |a STU  |b slo 
041 0 |a slo 
100 1 |a Spevák, Peter  |u 064000  |k Z4  |4 aut  |U MTF Materiálovotechnologická fakulta  |T MTF Ústav priemyselného inžinierstva a manažmentu  |X 42317  |U M4000  |Y 84  |7 42317 
242 0 1 |a Proposal for the implementation of formal performance-based assessment of the Motory International Ltd. production empolyees  |y eng 
245 1 0 |a Návrh na zavedenie formálneho hodnotenia výrobných zamestnancov vo väzbe na ich výkonnosť v podniku Motory International, s.r.o. 
260 |c 2017 
650 4 |a výkonnosť zamestnancov  |2 slo 
650 4 |a ľudské zdroje  |2 slo 
650 4 |a hodnotenie zamestnancov  |2 slo 
650 4 |a human resources  |2 eng 
650 4 |a employees´performance  |2 eng 
650 4 |a assessment of employees  |2 eng 
700 1 |a Bestvinová, Viera  |u 064000  |k Z1  |4 ths  |U MTF Materiálovotechnologická fakulta  |T MTF Ústav priemyselného inžinierstva a manažmentu  |X 1541  |U M4000  |Y 84  |7 A000001541 
856 4 |u http://is.stuba.sk/zp/portal_zp.pl?podrobnosti=126256 
996 |c M* DP-13284  |l MMSKP  |s P  |a 0  |w stuzp62414_0001